| 000 | 01128nam a2200277 a 4500 | ||
|---|---|---|---|
| 001 | 000016119 | ||
| 005 | 20250621074006.0 | ||
| 008 | 100226s1985 dr ac 001 0bspa d | ||
| 040 |
_aDO-SdBNP _bspa _cBNPHU |
||
| 082 |
_a923.27293 _bM938r |
||
| 100 | 1 |
_aRoca Friedham, Frank A. _936109 |
|
| 245 | 1 | 0 |
_aPerfil público de Casimiro Nemesio de Moya / _cFrank A. Roca Friedham. |
| 260 |
_aSan Pedro de Macorís, República Dominicana : _bUCE, _c1985. |
||
| 300 |
_a166 p. : _bil., retrs. ; _c23 cm. |
||
| 490 | 1 |
_aEdiciones de la Universidad Central del Este _vv. 58 |
|
| 490 | 1 |
_aHistórica _v5 |
|
| 500 | _aIncluye referencias bibliográficas y notas al pie de páginas. | ||
| 504 | _aBibliografía: p.163-166. | ||
| 590 | _aInventariado, 2020/BT | ||
| 600 | 1 | 4 |
_aMOYA Y PIMENTEL, CASIMIRO NEMESIO DE, _d1849-1915 _936110 |
| 650 | 4 |
_aPolíticos _zRepública Dominicana _91349 |
|
| 651 | 0 |
_aRepública Dominicana _xPolítica y gobierno _945 |
|
| 651 | 0 |
_aRepública Dominicana -- _xHistoria -- _y1844-1930 _91009 |
|
| 830 | 0 |
_aUniversidad Central del Este _v58 _pHistórica _n5 _936111 |
|
| 910 | _aValidado. Control de calidad EMS | ||
| 999 |
_c15659 _d15659 |
||